| 000 | 00318nam a2200121Ia 4500 | ||
|---|---|---|---|
| 008 | 190216s9999||||xx |||||||||||||| ||und|| | ||
| 100 | _aArun Sethi | ||
| 245 | 0 | _aSystematic Lab Expweriments In Organic Chemistry | |
| 260 |
_bNew Age International Publishers _c2003 |
||
| 300 | _a883 | ||
| 650 | _aChemistry | ||
| 942 | _cBK | ||
| 999 |
_c3093 _d3093 |
||